Statistics for Stay Beautiful - Taylor Swift (All Lyrics)

Click here to take the quiz!

General Stats

  • This quiz has been taken 151 times
    (150 since last reset)
  • The average score is 228 of 265

Answer Stats

Answer% Correct
a
99%
be
99%
Beautiful
99%
beautiful
99%
stay
98%
Stay
98%
you
97%
your
97%
I
96%
You're
95%
you're
95%
He
94%
he
94%
it
94%
so
94%
to
94%
and
93%
And
93%
don't
93%
ever
93%
my
93%
but
92%
Every
92%
every
92%
If
92%
if
92%
know
92%
Oh
92%
the
92%
as
90%
for
90%
love
90%
when
89%
are
88%
eyes
88%
find
88%
little
88%
piece
88%
someone
88%
back
87%
everything
87%
gonna
87%
like
87%
door
86%
hope
86%
in
86%
it's
86%
It's
86%
really
86%
that
86%
That
86%
Will
86%
will
86%
Ask
85%
ask
85%
say
85%
anyone
84%
of
83%
lead
82%
way
82%
day
81%
front
81%
looked
81%
radio
81%
Does
80%
jungle
79%
smiles
79%
Corey
78%
is
78%
never
78%
Corey's
77%
on
77%
what
77%
can
76%
get
76%
finds
74%
life
74%
you'll
74%
At
73%
by
73%
he's
73%
highlight
73%
They
73%
I'm
72%
told
72%
gets
70%
knows
70%
rainy
70%
story
70%
him
68%
hold
68%
save
68%
them
68%
another
67%
girls
67%
Hey
67%
I'll
67%
nobody
67%
saying
67%
whispers
67%
away
66%
into
66%
corner
65%
home
65%
should
65%
songs
65%
words
65%
breath
64%
mind
64%
taking
64%
watch
64%
window
64%
daydream
63%
least
63%
pictures
63%
pretty
63%
walking
62%
hard
61%
make
60%
conversation
54%
These
34%

Score Distribution

Percentile by Number Answered

Percent of People with Each Score

Your Score History

You have not taken this quiz since the last reset